000 00748nam a2200181Ia 4500
008 100921s9999 xx 000 0 und d
082 _b32442
_a294.54 न 00
100 _aकुलकर्णी विनायक य.
245 _aयेणे कारणे भगवंत.
260 _bदास्ताने रामचंद्र आणि कंपनी,पुणे.
_c2000
300 _a88
_bजयेश एजन्सी,पुणे.
365 _b60
520 _aधर्म- धार्मिक जीवन.
630 _aयेणे कारणे भगवंत.
650 _aधर्म- धार्मिक जीवन.
730 _aयेणे कारणे भगवंत.
942 _cBOOK
999 _c781555
_d781552